Historické vedomie občanov Slovenska výskumná správa

Reflexia národnej histórie optikou verejnosti. Vnímanie spoločnej histórie slovenského a českého národa. Pohľad verejnosti na históriu vzájomných vzťahov Slovenska so susednými krajinami. Ako občania SR reflektujú históriu slovenského národa, akou optikou hodnotia prelomové historické udalosti moder...

Descrizione completa

Salvato in:
Dettagli Bibliografici
Autore principale: Plávková, Oľga
Natura: Capitolo di libro
Lingua:slovacco
Soggetti:
Tags: Aggiungi Tag
Nessun Tag, puoi essere il primo ad aggiungerne!!

MARC

LEADER 00000naa$a2200000$$$4500
001 0054585
005 20240502071628.4
041 0 |a slo 
044 |a SK 
245 1 0 |a Historické vedomie občanov Slovenska  |b výskumná správa  |c Oľga Plávková 
500 |a vydané ako čiastkový výsledok riešenia úlohy číslo 2003 SP 51/028-06-00/028-06-10 Ideové zdroje a línie slovenskej politiky, štátneho programu výskumu a vývoja 
520 |a Reflexia národnej histórie optikou verejnosti. Vnímanie spoločnej histórie slovenského a českého národa. Pohľad verejnosti na históriu vzájomných vzťahov Slovenska so susednými krajinami. Ako občania SR reflektujú históriu slovenského národa, akou optikou hodnotia prelomové historické udalosti moderných dejín Slovenska, z akých zdrojov pritom vychádzajú a aká je celková úroveň ich poznatkov v tejto oblasti. 
610 2 0 |a Slovensko 
610 2 0 |a história 
610 2 0 |a občania 
610 2 0 |a vedomie 
100 1 |a Plávková, Oľga